| 000 | 00596nam a22001457a 4500 | ||
|---|---|---|---|
| 020 | _a978-1-862-30582-3 | ||
| 082 |
_a823 _bLOL/A |
||
| 100 | _aCOLE, STEVE | ||
| 245 |
_aASTROSAURS _bDAY OF THE DINO-DROIDS |
||
| 260 |
_aUNITED KINGDOM _bRED FOX _c2006 |
||
| 300 | _a129 | ||
| 520 | _aDINOSAURS . . . IN SPACE! Meet Captain Teggs Stegosaur and the crew of the amazing spaceship DSS Sauropod as the ASTROSAURS fight evil across the galaxy! The Sauropod is sucked through a black hole - and on the other side, nothing is what it seems. ... | ||
| 650 |
_aADVENTURE STORY _zUNITED KINGDOM |
||
| 942 | _cBK | ||
| 999 |
_c6062 _d6062 |
||